LEADER 01260nam--2200409---4500 001 990000596670203316 005 20051215100858.0 035 $a0059667 035 $aUSA010059667 035 $a(ALEPH)000059667USA01 035 $a0059667 100 $a20010828d1984----km-y0ENGy0103----ba 101 $aita 102 $aIT 200 1 $aBohigas, Martorell, Mackay$e30 anni di architettura 1954-1984$fKenneth Frampton$ga cura di Adolf Martinez 210 $aMilano$cElecta$dc1984 215 $a151 p.$cill.$d24 cm 225 2 $aArchitettura$iI contemporanei 410 $12001$aArchitettura$iI contemporanei 606 $aBohigas, Oriol 606 $aMartorell, Josep 606 $aMackay, David 606 $aArchitettura catalana$z1954-1984 676 $a720.23 700 1$aFRAMPTON,$bKenneth$0806 702 1$aMARTINEZ,$bAdolf 801 0$aIT$bsalbc$gISBD 912 $a990000596670203316 951 $aXII.2.C. 432(VII A COLL.76/1)$b94595 LM$cVII A COLL. 959 $aBK 969 $aUMA 979 $aPATRY$b90$c20010828$lUSA01$h1757 979 $c20020403$lUSA01$h1709 979 $aPATRY$b90$c20040406$lUSA01$h1641 979 $aCOPAT5$b90$c20051215$lUSA01$h1008 996 $aBohigas, Martorell, Mackay$9712129 997 $aUNISA LEADER 01039cam0-2200361---450 001 990008649780403321 005 20200211151832.0 010 $a88-464-7483-X 035 $a000864978 035 $aFED01000864978 035 $a(Aleph)000864978FED01 035 $a000864978 100 $a20080421d2006----km-y0itay50------ba 101 0 $aita 102 $aIT 105 $ay-------001yy 200 1 $a<>paese diverso$ela politica economica delle cittą americane$fa cura di Guido Borelli 210 $aMilano$cFrancoAngeli$dc2006 215 $a182 p.$d23 cm 225 1 $aStrumenti urbanistici 610 0 $aStati Uniti$aCittą 610 0 $aStati Uniti$aPolitiche urbane 676 $a307.12160973$v21$zita 702 1$aBorelli,$bGuido$f<1957- > 801 0$aIT$bUNINA$gREICAT$2UNIMARC 901 $aBK 912 $a990008649780403321 952 $aCollez. 1764 (32)$b46988$fFSPBC 952 $a2937 SEZ. ANDRIELLO$b3501$fDARPU 959 $aDARPU 959 $aFSPBC 996 $aPaese diverso$9716355 997 $aUNINA